Statistics for Top 20 US Cities by Population

Click here to take the quiz!

General Stats

  • This quiz has been taken 51 times
  • The average score is 16 of 20

Answer Stats

PopulationCity% Correct
2,679,080Chicago
98%
1,347,120Dallas
98%
2,323,660Houston
98%
3,983,540Los Angeles
98%
8,230,290New York City
98%
883,255San Francisco
95%
1,733,630Phoenix
90%
714,153Washington DC
90%
1,585,010Philadelphia
88%
1,427,720San Diego
88%
776,555Seattle
88%
1,581,730San Antonio
85%
749,103Denver
78%
1,009,340San Jose
78%
1,011,790Austin
75%
929,647Jacksonville
70%
887,232Indianapolis
63%
913,921Columbus
55%
912,096Charlotte
53%
942,323Fort Worth
50%

Score Distribution

Percentile by Number Answered

Percent of People with Each Score

Your Score History

You have not taken this quiz